-
IYENGAR ,M A AND NAYAK,S.G.K
Entry Personal Name
Number of records used in: 3
001 - CONTROL NUMBER
003 - CONTROL NUMBER IDENTIFIER
005 - DATE AND TIME OF LATEST TRANSACTION
- control field:
20220215112147.0
008 - FIXED-LENGTH DATA ELEMENTS
- fixed length control field:
220215|| aca||aabn | a|a d
040 ## - CATALOGING SOURCE
- Original cataloging agency:
OSt
- Transcribing agency:
OSt
100 ## - HEADING--PERSONAL NAME
- Personal name:
IYENGAR ,M A AND NAYAK,S.G.K
670 ## - SOURCE DATA FOUND
- Source citation:
Work cat.: (OSt): IYENGAR ,M A AND NAYAK,S.G.K, PHARMACOGNOSY LAB MANUAL, 2018